01133 a2200253 45000010006000000050017000060080041000230030015000640400040000790800140001192450034002590200018002932500012003112640032003233000024003555050253003790410008006321000020006407000020006607000030006807000031007107000039007418560099007804989720260407155759.0260407a2003 arg spa dAR-UNSa-BCEJYS aAR-UNSa-BCEJYSbspacAR-UNSa-BCEJYS a504.03xAspectos sociales y socioeconómicos del impacto del hombre sobre el medio ambiente. Ecología social ( Economía ambiental)10aEconomía del medio ambiente a84-481-3943-7 a3a. ed. 1aMadrid :bMcGraw-Hillc2003 axix, 556 p.c24 cm. a1. ¿Qué es la economía ambiental? - 2. Las herramientas analíticas - 3. El análisis ambiental - 4. El análisis de la política ambiental - 5. La política ambiental en Estados Unidos - 6. El medio ambiente en el ámbito internacional. aspa1 aField, Barry C.1 aField, Marta K.1 aDeocón, Gloria Trinidad1 aVelázquez Alonso, Esther1 aAndré García, Francisco Javier41uhttps://www.biblioeco.unsa.edu.ar/pmb/images/libros/L128223.jpgyImagen de portadaqimage/jpeg